000 013420000a22001570004500
090 _aT P445g
100 1 _aPeriñán Lambis, Henry de J.
245 1 0 _aGramática introductoria para el primer semestre de griego del Nuevo Testamento / Henry de Jesús Periñán Lambis
260 _aMedellín, Colombia
300 _a101 Pag
500 _aTesis (Maestría) Seminario Bíblico de Colombia
502 _apresidente del jurado:Elizabeth de Sendek; Jurado: Fernando Mosquera
520 _a- El mapa general: Gramatica - De alfa a omega: sonidos y letras del griego - Signos y divisiones: puntuación y silabación - íCamara, acción ! Introducción al verbo griego - Acción ala marcha: verbo: presente, activo, indicativo - Cambios en segunda: sustantivos y articulos de la segunda declinación - Cambio en primera: Sustantivos y artículos de la primera declinación - ¿Y como es èl? Adjetivos de la primera y segunda declinación - ¿Quien habla? pronombres personales - Relaciones, relaciones: las preposiciones -¿Ser o no ser? Verbo eimi, presente indicativo - El paciente y el agente: Verbo: Voces medias medias y pasiva presente indicativo - El pasado en acción .Verbo: Inperfecto, indicativo - Lo que ha de venir Verbo: Futuro activo y medio, indicativo - El juego de las voces contractos
001 5549
942 _cBK
999 _c35934
_d35934